Logo BPK

Biblioteka

Politechniki Koszalińskiej

Wybrane problemy z dziejów polskiego i międzynarodowego ruchu robotniczego / (Rekord nr 17403)

Szczegóły MARC
000 -ETYKIETA REKORDU
podpole kontrolne o stałej długości 00417nam a2200145 i 4500
001 - NUMER KONTROLNY REKORDU
pole kontrolne bg
040 ## - ŹRÓDŁO KATALOGOWANIA
Instytucja, która utworzyła rekord BPK
041 ## - KOD JĘZYKA
Kod języka tekstu pol
080 ## - UNIWERSALNA KLASYFIKACJA DZIESIĘTNA - UKD
UKD 943.8+940:323.2:329(438)
008 - POLE O STAŁEJ DŁUGOŚCI - DANE KONTROLNE
podpole kontrolne o stałej długości s pl f |000 0 pol
100 1# - NAZWA OSOBOWA
Nazwa osobowa CZUBIŃSKI, Antoni
Daty związane z nazwą (1928- ).
245 10 - TYTUŁ/ODPOWIEDZIALNOŚĆ
Tytuł Wybrane problemy z dziejów polskiego i międzynarodowego ruchu robotniczego /
Pozostałe elementy strefy tytułu i oznaczenia odpowiedzialności Antoni Czubiński.
260 ## - STREFA ADRESU WYDAWNICZEGO
Miejsce wydania Warszawa,
Data publikacji, dystrybucji/powstania dokumentu 1977.
856 ## - LOKALIZACJA I DOSTĘP DO ELEKTRONICZNYCH DOKUMENTÓW ZDALNYCH
Link (URL) http://koha.tu.koszalin.pl/cgi-bin/koha/opac-detail.pl?biblionumber=17403
Tekst linku Katalog online BPK
942 ## - DODATKOWE ELEMENTY (KOHA)
Typ dokumentu Książka
Egzemplarze
Wycofany Status egzemplarza Uszkodzony Dostępność Lokalizacja stała Lokalizacja bieżąca Miejsce przechowywania Sygnatura Kod kreskowy Typ dokumentu
      Dostępny Biblioteka Politechniki Koszalińskiej Biblioteka Politechniki Koszalińskiej Wypożyczalnia BG 22167 01680546 Książka
      Dostępny Biblioteka Politechniki Koszalińskiej Biblioteka Politechniki Koszalińskiej Wypożyczalnia BG 22200 01681475 Książka
© 2023 Biblioteka Politechniki Koszalińskiej :: KOHA